Udvardi és bősi győzelem

Bibliographic Details
Main Author: (álló) (Author)
Format: Article
Language:Hungarian
Subjects:

MARC

LEADER 00000nab a2200000 4500
001 vtls011782035
003 SK-MaSNL
005 20260318140449.0
008 181001|2018 xo |||| || ||00 0|hun
015 |a SNBRB2018/10 
040 |a DSZK  |b slo  |c DSZK  |e rda 
041 |a hun 
043 |a e-xo--- 
044 |a xo  |c SK 
072 7 |a 796  |x Šport. Hry. Telesné cvičenia  |2 konspekt 
080 |a 796.422.093  |x (437.612)  |2 2011 
100 1 |a (álló)  |4 aut  |9 1086335 
245 1 0 |a Udvardi és bősi győzelem  |c [szerző] (álló) 
300 |b Fotografie 
336 |a text  |b txt  |2 rdacontent 
337 |a bez média  |b n  |2 rdamedia 
338 |a zväzok  |b nc  |2 rdacarrier 
611 2 7 |a Cestný beh Ohrady - Horné Mýto - Trhová Hradská  |n (7. :  |d 2018 :  |c Slovensko)  |2 dszk  |9 1092333 
648 7 |a 2018  |2 dszk  |9 351415 
650 0 7 |a beh  |2 SNKPH  |9 3281 
650 0 7 |a športové súťaže  |2 SNKPH  |9 1047 
651 7 |a Ohrady (Slovensko)  |2 SNKPHgeo  |9 106891 
651 7 |a Horné Mýto (Slovensko)  |2 SNKPHgeo  |9 176758 
651 7 |a Trhová Hradská (Slovensko)  |2 SNKPHgeo  |9 103340 
773 0 |t Csallóköz  |g Évf. 58, sz. 39 (2018), o. 41  |x 1336-3638 
958 |a SK 
958 |a HU 
958 |a RG 
999 |c 1833021  |d 1834951